Główne miasta USA o najwyższej wysokości - Statystyki

Ogólne statystyki
  • Ten quiz został rozwiązany 15 razy
  • Średni wynik to 7 z 37
Statystyki odpowiedzi
Wysokość Populacja Stan Miasto % Poprawnych
1609 m 2,985 871 Kolorado Denver
80%
610 m 2 322 985 Nevada Las Vegas
60%
1288 m 1 266 191 Utah Salt Lake City
60%
832 m 811 336 Idaho Boise
40%
952 m 190 208 Montana Billings
33%
1839 m 765 424 Kolorado Colorado Springs
33%
1373 m 500 915 Nevada Reno
33%
1619 m 919 543 Nowy Meksyk Albuquerque
27%
1848 m 100 723 Wyoming Cheyenne
27%
1140 m 872 195 Teksas El Paso
27%
1525 m 366 778 Kolorado Fort Collins
27%
728 m 1 057 597 Arizona Tucson
27%
1400 m 158 636 Kolorado Grand Junction
20%
1434 m 165 608 Idaho Idaho Falls
20%
978 m 121 041 Montana Missoula
20%
2213 m 155 664 Nowy Meksyk Santa Fe
20%
1099 m 271 171 Teksas Amarillo
13%
1105 m 206 549 Oregon Bend
13%
2106 m 144 060 Arizona Flagstaff
13%
1219 m 223 337 Nowy Meksyk Las Cruces
13%
1387 m 715 001 Utah Provo
13%
1430 m 169 544 Kolorado Pueblo
13%
975 m 145 159 Dakota Południowa Rapid City
13%
1141 m 119 007 Idaho Twin Falls
13%
667 m 183 578 Idaho Coeur d'Alene
7%
1644 m 120 428 Nowy Meksyk Farmington
7%
1420 m 350 176 Kolorado Greeley
7%
1382 m 155 362 Utah Logan
7%
975 m 328 283 Teksas Lubbock
7%
848 m 177 216 Teksas Midland
7%
884 m 160 869 Teksas Odessa
7%
1311 m 713 839 Utah Ogden
7%
650 m 476 072 Karolina Północna Asheville
0%
634 m 165 812 Wirginia Blacksburg
0%
1628 m 327 468 Kolorado Boulder
0%
1636 m 246 191 Arizona Prescott
0%
872 m 197 680 Utah St. George
0%
Nie znaleziono quizów pasujących do podanych kryteriów
Rozkład punktacji
Procent ludzi z każdym wynikiem
Percentyl według liczby udzielonych odpowiedzi
Twoja historia wyników
Nie rozwiązałeś tego quizu